| 000 | 00917cam a2200265 a 4500 | ||
|---|---|---|---|
| 001 | 000009438 | ||
| 005 | 20200929161608.0 | ||
| 008 | 880316s1987 sp 000 1 spa | ||
| 020 | _a8433460234 | ||
| 035 | _a(DLC) 88121062 | ||
| 040 |
_aDO-SdBNP _cDLC _dDLC |
||
| 082 |
_a863.62 _bB251a |
||
| 100 | 1 |
_aBarga, Corpus, _d1887-1975. _924235 |
|
| 245 | 1 | 0 |
_aApocalipsis : pasión y muerte : hechizo de la triste marquesa : _bcuentos / _cCorpus Barga ; edición de Arturo Ramoneda. |
| 260 |
_aMadrid : _bJúcar, _c1987. |
||
| 300 |
_alxiv, 322 p. ; _c20 cm. |
||
| 490 | 1 |
_aAzanca _v23 _aNarrativa comtemporánea |
|
| 650 | 4 |
_aCuentos españoles _93194 |
|
| 650 | 4 |
_aNovela española _91123 |
|
| 650 | 4 |
_aLiteratura española _ySIGLO XX _93326 |
|
| 700 | 1 |
_aRamoneda, Arturo M., _d1946- _eed. _924236 |
|
| 830 | 0 |
_aAzanca ; _v23 _pNarrativa comtemporánea _924237 |
|
| 910 | _aCatalogación por copia / LC | ||
| 049 | _aBNGR | ||
| 999 |
_c9198 _d9198 |
||